Stability theory : an introduction to the stability of dynamic systems and rigid bodies
Saved in:
| Main Author: | |
|---|---|
| Format: | Book |
| Language: | English |
| Published: |
Stuttgart : Chichester : New York :
B.G. Teubner, Wiley,
c1987
|
| Edition: | 2nd ed. |
| Subjects: | |
| Tags: |
Add Tag
No Tags, Be the first to tag this record!
|
MARC
| LEADER | 00000cam a2200000 i 4500 | ||
|---|---|---|---|
| 001 | 1/48495 | ||
| 008 | 941103s1987 eng d | ||
| 020 | |a 047191181X |c $43.00 | ||
| 035 | |l 10043353 | ||
| 035 | |a 1993 |c ΣΕΙΜΕΝΗΣ | ||
| 035 | |a 1993 |c ΒΙΒΛΙΟΘΗΚΗ | ||
| 040 | |a GR-MY-UA |b gre |e aacr | ||
| 041 | 0 | |a eng | |
| 082 | 0 | |a 003 | |
| 100 | 1 | |a Leipholz, H. H. E. (Horst H. E.) |d 1919- | |
| 245 | 1 | 0 | |a Stability theory : |b an introduction to the stability of dynamic systems and rigid bodies / |c Horst Leipholz |
| 250 | |a 2nd ed. | ||
| 260 | |a Stuttgart : |a Chichester : |a New York : |b B.G. Teubner, |b Wiley, |c c1987 | ||
| 300 | |a ix, 359 p.; |b ill.; |c 24 cm | ||
| 500 | |a Translation of: Stabilitatstheorie | ||
| 500 | |a Includes indexes | ||
| 504 | |a Bibliography: p. 351-352 | ||
| 650 | 0 | 0 | |a Stability. |
| 650 | 0 | 0 | |a Dynamics. |
| 650 | 0 | 0 | |a Mechanics. |
| 650 | 0 | 0 | |a Dynamics, Rigid. |
| 852 | |a INST |b SAMOS |e 19941103 |h 003 LEI |p 005300003213 |q 005300003213 |t BK |y 0 | ||
| 852 | |a INST |b SAMOS |e 19941103 |h 003 LEI |p 005300003813 |q 005300003813 |t BK |y 0 | ||
| 852 | |a INST |b SAMOS |e 19941103 |h 003 LEI |p 005300014186 |q 005300014186 |t BK |y 12 | ||
| 909 | |a Σ |b 008151 | ||
| 909 | |a Σ |b 025357 | ||
| 909 | |a Σ |b 026393 | ||